Statystyki dla Mistrzowie Europy na żuzlu

Kliknij tutaj aby rozwiązać quiz!

Ogólne statystyki

  • Ten quiz został rozwiązany 72 razy
  • Średni wynik to 8 z 22

Statystyki odpowiedzi

HintOdpowiedź% Poprawnych
2018Leon Madsen
93%
2022Leon Madsen
93%
2021Mikkel Michelsen
68%
2019Mikkel Michelsen
68%
2013Martin Vaculik
57%
2016Nicki Pedersen
57%
2017Andrzej Lebiediew
46%
2020Robert Lambert
43%
2011Grigorij Łaguta
41%
2004Matej Zagar
36%
2008Matej Zagar
36%
2003Krzysztof Kasprzak
34%
2010Sebastian Ułamek
34%
2014Emil Sayfutdinov
27%
2015Emil Sayfutdinov
27%
2012Ales Dryml
21%
2007Jurica Pavlic
13%
2006Krzysztof Jabłoński
9%
2009Renat Gafurov
5%
2001Bohumil Brhel
4%
2002Magnus Zetterstrom
4%
2005Jesper Bruun Jensen
0%

Rozkład punktacji

Percentyl według liczby udzielonych odpowiedzi

Procent ludzi z każdym wynikiem

Twoja historia wyników

Nie rozwiązałeś tego quizu